NBA Players by Picture - Montenegro - Statistics

General Stats
  • This quiz has been taken 13 times
  • The average score is 3 of 9
Answer Stats
Picture Answer % Correct
Nikola Vučević
100%
Nikola Peković
55%
Javonte Green
36%
Marko Simonović
18%
Omar Cook
18%
Predrag Drobnjak
18%
Slavko Vraneš
18%
Predrag Savović
9%
Žarko Čabarkapa
9%
No matching quizzes found
Score Distribution
Percent of People with Each Score
Percentile by Number Answered
Your Score History
You have not taken this quiz